Experiencia moral de la discapacidad : (Registro nro. 326456)

Detalles MARC
000 -ENCABEZADO
Número de control [NR] 01367nam a22002177a 4500
005 - FECHA Y HORA DE LA ÚLTIMA TRANSACCIÓN
control field 20260529105954.0
008 - DE LONGITUD FIJA DE DATOS DE ELEMENTOS - INFORMACIÓN GENERAL
Elementos de longitud fija [NR] 260529s2026 |||||||| |||| 00| 0 spa d
020 ## - NUMERO INTERNACIONAL NORMALIZADO PARA LIBROS [R]
Número Internacional Normalizado del libro [NR] 9789585006669
040 ## - FUENTE DE CATALOGACION [NR]
Agencia de catalogación original [NR] CO-BoUCM
Idioma de catalogación [NR] spa
Quien Cataloga Stefania Borbon
Quien Clasifica Stefania Borbon
041 ## - CODIGO DE IDIOMA [R]
Código de idioma para texto/pista de sonido o título separado [R] Español
100 ## - ASIENTO PRINCIPAL--NOMBRE PERSONAL [NR]
Nombre personal [NR] Henao Orozco, Ánderson
ID Autoridad 189507
245 ## - MENCION DE TITULO [NR]
Título [NR] Experiencia moral de la discapacidad :
Parte restante del título [NR] Elementos para una interpretación hermenéutica /
Mención de responsabilidad, etc. [NR] Ánderson Henao Orozco
260 ## - PUBLICACION, DISTRIBUCION, ETC. (PIE DE IMPRENTA) [R]
Lugar de publicación, distribución, etc. [R] Bogotá, D. C., Colombia :
Nombre del editor, distribuidor, etc. [R] Editorial Universidad del Rosario,
Fecha de publicación, distribución, etc. [R] 2026
520 3# - NOTA DE RESUMEN, ETC. [R]
Nota de sumario, etc. [NR] Desarrolla un análisis hermenéutico y crítico en torno a la experiencia moral de la discapacidad y sus efectos en la constitución de los horizontes morales de las sociedades occidentales o judeocristianas. Discute la existencia ambivalente y dilemática de las personas con discapacidad, examinando cómo se delimita la "vida buena" bajo presuposiciones metafísicas de completitud, perfección y normalidad, mostrando la interdependencia entre hermenéutica, moral, ética aplicada y política.
650 #4 - ASIENTO SECUNDARIO DE MATERIA - TERMINO TEMATICO [R]
Fuente del encabezamiento o término [NR] Personas con discapacidades
Subdivisión general [R] Aspectos morales y éticos.
9 (RLIN) 7309
650 #4 - ASIENTO SECUNDARIO DE MATERIA - TERMINO TEMATICO [R]
Término temático o nombre geográfico como elemento de entrada [NR] Integración social
Subdivisión general [R] Aspectos morales y éticos
9 (RLIN) 189508
650 #4 - ASIENTO SECUNDARIO DE MATERIA - TERMINO TEMATICO [R]
Término temático o nombre geográfico como elemento de entrada [NR] Filosofía social
9 (RLIN) 15849
710 2# - ASIENTO SECUNDARIO - NOMBRE CORPORATIVO [R]
Nombre corporativo o de jurisdicción como elemento de entrada [NR] Universidad del Rosario
9 (RLIN) 28209
942 ## - ELEMENTOS DE ENTRADA AGREGADOS (KOHA)
Sistema de clasificación DEWEY
Tema principal Sociología
Tipo de ítem principal el descrito en 300a Libro
Edición 1
Clasificación 362.4
Parte restante de la signatura top. H493e
Existencias
Total préstamos Signatura topográfica Código de barras Última vez visto Ejemplar Price effective from Tipo de ítem Nota pública (OPAC) Perdido Sistema de clasificación Dañado No prestable Tipo de ítem específico Suprimido Ubicación habitual Ubicación actual Localización Fecha de creación Forma de adquisición Costo Fecha de último préstamo
  362.4 H493e 100175331 01/06/2026 Ej.1 29/05/2026 Edición Rosarista Ed. Rosaristas   DEWEY     Libro Edición Rosarista   Claustro Claustro 4to piso 29/05/2026 Compra 22750.00  
  362.4 H493e 100175330 01/06/2026 Ej.2 29/05/2026 Libro     DEWEY     Libro   Claustro Claustro 2do piso 29/05/2026 Compra 22750.00  
1 362.4 H493e 100175329 18/06/2026 Ej.3 29/05/2026 Libro     DEWEY     Libro   Claustro Claustro 2do piso 29/05/2026 Compra 22750.00 01/06/2026